Theory and applications of long-range dependence

Uloženo v:
Podrobná bibliografie
Hlavní autoři: Doukhan, Paul (Autor), Oppenheim, George (Autor), Taqqu, Murad S (Autor)
Médium: Kniha
Jazyk:angličtina
Vydáno: Boston Birkhauser 2003
Témata:
Tagy: Přidat tag
Žádné tagy, Buďte první, kdo vytvoří štítek k tomuto záznamu!

MARC

LEADER 00000nam a2200000 a 4500
001 UCI6233
003 CL-VaPUC
008 080425e20030000US |||||||||||||||||eng|d
020 |a 0817641688 
082 0 4 |a 519.55  |b DOU  |2 21 
100 0 |a Doukhan, Paul  |e author  |9 528962 
700 0 |a Oppenheim, George  |e author  |9 528963 
700 0 |a Taqqu, Murad S  |e author  |9 528964 
245 1 0 |a Theory and applications of long-range dependence 
300 |a 719 p 
942 |c BK 
945 |d 20080425 00:00:00  |a rbrito 
260 |a Boston  |b Birkhauser  |c 2003 
650 0 |a Análisis de series de tiempo   |9 260363 
650 0 |a Probabilidades   |9 260199 
650 0 |a Estadística   |9 259535 
583 |a last modification  |c 20080425 00:00:00  |k Rodrigo Vera 
999 |c 329764  |d 329762 
952 |0 0  |1 0  |4 0  |6 519_550000000000000_DOU_2003  |7 0  |8 A  |9 414822  |a BIBGIM  |b BIBGIM  |d 2019-11-22  |i 4434064  |o 519.55 DOU 2003  |p 4434064  |r 2025-01-15  |w 2019-11-22  |y BK  |k EST